[Event "New York op"]
[Site "New York"]
[Date "1998.03.19"]
[Round "6"]
[White "Gamboa, Nelson"]
[Black "Epishin, Vladimir"]
[Result "0-1"]
[WhiteElo "2405"]
[BlackElo "2590"]
[Annotator "Atlas,V"]
[PlyCount "110"]
[EventDate "1998.03.16"]
[EventType "swiss"]
[EventRounds "9"]
[EventCountry "USA"]
[SourceTitle "CBM 064"]
[Source "ChessBase"]
[SourceDate "1998.06.02"]
[SourceVersion "1"]
[SourceVersionDate "1998.06.02"]
[SourceQuality "1"]

1. e4 {Hecht} c5 2. Nf3 d6 3. d4 cxd4 4. Nxd4 Nf6 5. Nc3 Nc6 6. g3 g6 7. Bg2
Nxd4 8. Qxd4 Bg7 9. Bg5 Be6 (9... h6 10. Be3 O-O 11. Qd3 Ng4 12. Bc1 Be6 13.
Nd5 Ne5 14. Qe2 Bg4 15. f3 Bd7 16. O-O Rc8 17. c3 e6 18. Ne3 Qb6 19. a4 d5 20.
exd5 exd5 21. Kh1 Rfe8 $132 {0-1 Lebedev,B-Beilin,M/Moscow-ch 1955 (41)}) 10.
Qd2 Ng4 11. Nd5 Bxd5 12. Qxd5 ({After} 12. exd5 h6 13. Bf4 g5 {Black's get
better chances.}) 12... Qb6 13. O-O h6 14. Bf4 Rc8 15. Bh3 $2 ({A dubious
decision. Why not immediately} 15. c3 {? Now} g5 (15... Qxb2 16. Rab1 Qxc3 17.
Rxb7 {is in White's favor.}) (15... Rc5 {fails to} 16. Qd1 h5 (16... Ne5 17.
Be3) 17. h3 Ne5 18. Be3) 16. Qf5 {leads to a sharp play, in which White has
good attacking chances.}) 15... h5 16. c3 Rc5 17. Qd2 (17. Qb3 Rb5 18. Qa4 O-O
{is favorable for Black.}) 17... Ne5 {Threatening 18...Nf3+ and 18...Nc4.
White must exchange his bishop for the knight.} 18. Bxe5 Rxe5 19. Rae1 g5 20.
Qe3 Rc5 21. Qe2 g4 22. Bg2 Be5 23. Rd1 Kd7 24. Kh1 Kc7 {Black has a superior
position. His pieces are actively situated, his bishop is dominating over his
white vis-a-vis, which has no moves, and his attacking chances on the kingside
seem very dangerous for white.} 25. Rd2 Kb8 {King transfer to the queenside
yields Black additional trumps in his  forthcoming actions on the kingside.}
26. f4 gxf3 27. Rxf3 h4 28. gxh4 ({After} 28. Rxf7 $2 hxg3 29. h3 Qd8 {White's
position is unbearable.}) 28... Bf6 (28... Rxh4 29. Rh3) 29. Rf5 Rxh4 30. Rxc5
Qxc5 31. Rd5 Qc8 32. Rf5 Be5 (32... Qh8 $5 33. h3 Qg7 34. Rh5 Rxh5 35. Qxh5 Qg3
{=/+/-/+ was a plausible alternative}) 33. h3 Qe6 (33... Rh7 34. Rh5 Rg7 {
deserved serious attention.}) 34. Qb5 a6 35. Qe8+ Ka7 36. Qxf7 Qh6 37. Qxe7 (
37. Rf1 {, with the idea 38.Qf3, loses in view of} Rxh3+ 38. Kg1 (38. Bxh3
Qxh3+ 39. Kg1 Qh2#) 38... Rh1+) 37... Rh5 $1 {[%cal Ge5h2,Gh6c1,Gc1h1,Gc1b2]} (
{Now} 37... Rxh3+ 38. Bxh3 Qxh3+ 39. Kg1 {is definitely not the best
development of plot for Black. The elegant rook retreat allows him to continue
play for win.}) 38. Qf7 ({Certainly, not} 38. Rxh5 $4 Qc1+ 39. Bf1 Qxf1#) (38.
Rf1 {loses after} Rxh3+) (38. Rf3 Qc1+ 39. Rf1 Qxb2 $17) 38... Rxf5 39. Qxf5 {
[%cal Re5h2,Re5b2,Ge5h8,Ge5d6] [#] Hecht:  A dominant black bishop with many
functions: (a) it blocks the e4-pawn, which imprisons the bishop on g2; (b) it
providess attacking chances against White's king; (c) it supports Black's
queenside action; (d) it keeps the White h-pawn under control. [#] Hecht: 
Dominanter schwarzer Läufer mit Multifunktion: a) er blockt den Be4, der dem
Lg2 die Sicht versperrt; b) er liefert Angriffschancen gegen den weißen König;
c) er unterstützt die schwarzen Aktionen am Damenflüge; d) er kontrolliert den
weißen h-Bauern.} Qc1+ 40. Qf1 Qxb2 {Despite extra pawn, White's position is
cleraly inferior. His queenside is destroyed and Black is planning to combine
pawn advancements on the queenside with mate threats on the opposite wing of
the board.} 41. Qg1+ Kb8 42. a4 Qb3 43. Bf3 Qxa4 44. h4 Qc4 45. h5 a5 46. h6 a4
47. h7 Kc7 (47... a3 $4 {would be a terrible mistake in view of} 48. Qg8+ $18)
48. Qb1 Qxc3 {Increacing control over the main diagonal and intending queen
exchange.} 49. Kg2 Qb2+ {The simplest. Now Black can freely advance his b-pawn.
} 50. Qxb2 Bxb2 51. Bh5 b5 52. Bf7 Kb6 53. Kf3 b4 54. Ke3 b3 55. Kd3 Kc5 0-1

[Event "EU-chT (Men) 11th"]
[Site "Pula"]
[Date "1997.05.??"]
[Round "4.3"]
[White "Jansa, Vlastimil"]
[Black "Maki, Veijo"]
[Result "1/2-1/2"]
[WhiteElo "2490"]
[BlackElo "2395"]
[Annotator "Atlas,V"]
[PlyCount "86"]
[EventDate "1997.05.05"]
[EventType "team-swiss"]
[EventRounds "9"]
[EventCountry "CRO"]
[SourceTitle "CBM 057 Extra"]
[Source "ChessBase"]
[SourceDate "1997.05.01"]
[SourceVersion "1"]
[SourceVersionDate "1997.05.01"]
[SourceQuality "1"]
[WhiteTeam "Czech Republic"]
[BlackTeam "Finland"]
[WhiteTeamCountry "CZE"]
[BlackTeamCountry "FIN"]

1. e4 c5 2. Nf3 Nc6 3. d4 cxd4 4. Nxd4 Nf6 5. Nc3 d6 6. g3 g6 7. Nde2 Bg7 8.
Bg2 O-O 9. h3 Rb8 10. a4 a6 11. Nd5 b5 12. axb5 axb5 13. Be3 b4 $5 ({A logical
continuation. The popular alternative is} 13... Nd7 14. Nd4 Bb7 15. O-O Nde5
16. b3 b4 17. Ra4 Nxd4 18. Bxd4 Bxd5 19. exd5 Qc7 20. Re1 Bf6 21. Ra7 {, with
better perspectives for White, Matulovic,M-Markovic,M/ JUG-ch Banja Vrucica
1991.}) 14. O-O Nd7 15. Ra2 e6 {A standard decision. Black hopes to compensate
the potential weakness of the Pd6 by the active piece play.} 16. Ndf4 Qc7 17.
b3 {Fixing the second potential weakness: Pb4.} Bb7 18. Qd2 Ra8 {A reasonable
choice. It is prudent for Black to neutralize the potential activity of the
white rook at the file "a".} 19. Rxa8 Rxa8 20. Rd1 ({A natural move. Yet, it
seems that White had to opt for} 20. Nd3 $5 Ba6 (20... Qa5 $6 21. Ndc1 $1 $14 {
[%csl Rd6][%cal Gd2d6,Gf1d1,Gd1d6] קd6}) 21. Rd1 $14 {[%csl Rb4,Rd6] קb4,
קd6}) 20... Ra1 $1 21. Nc1 Bb2 22. Nfe2 Ba6 23. Kh2 ({Certainly, not} 23. Qxd6
$4 Qxd6 24. Rxd6 Bxe2 $19) 23... Bxe2 24. Nxe2 (24. Qxe2 {can be met by} Bxc1
$5 25. Bxc1 Nd4) 24... Rxd1 25. Qxd1 Nc5 26. f4 e5 27. f5 Nd7 28. Qd2 Nd4 $1 {
This excellent positional sacrifice solves all Black's problems.} 29. Nxd4 exd4
30. Bxd4 Bxd4 31. Qxd4 Qc5 $1 {[%csl Yb3,Yc2,Ye4] The simplest. With pawns
fixed on the light squares and useless light-squared bishop White's material
advantage is absolutely insignificant.} 32. Qxc5 dxc5 ({Black could also opt
for} 32... Nxc5 {, following by Kg7-f6-e5.}) 33. Kg1 (33. g4 {fails to} g5 $1 {
, and White is in a real trouble ue to his tragicomic pawn structure. In this
case Black even gets winning chances, setting his king at e5 and the knight at
d4 and, by using zugzwang motive, enetering by his king the key square f4.})
33... Kg7 34. Kf2 Kf6 35. fxg6 fxg6 36. Ke3 Ke5 37. h4 {Now the position is
absolutely equal.} h6 38. Kf3 Kf6 39. Kf2 g5 40. hxg5+ hxg5 41. Bf1 Ne5 42. Bb5
Ke7 43. Be2 Kd6 1/2-1/2

[Event "Ljubljana"]
[Site "Ljubljana"]
[Date "1997.??.??"]
[Round "5"]
[White "Mencinger, Vojko"]
[Black "Peptan, Corina Isabela"]
[Result "0-1"]
[WhiteElo "2395"]
[BlackElo "2425"]
[Annotator "Atlas,V"]
[PlyCount "144"]
[EventDate "1997.05.20"]
[EventType "tourn"]
[EventRounds "11"]
[EventCountry "SLO"]
[EventCategory "9"]
[SourceTitle "CBM 058 Extra"]
[Source "ChessBase"]
[SourceDate "1997.07.29"]
[SourceVersion "1"]
[SourceVersionDate "1997.07.29"]
[SourceQuality "1"]

{[%mdl 10304]} 1. e4 {Mencinger,V} c5 2. Nf3 d6 3. d4 cxd4 4. Nxd4 Nf6 5. Nc3
Nc6 6. g3 g6 7. Nde2 Bg7 8. Bg2 O-O 9. h3 a6 10. O-O Rb8 11. a4 b5 12. axb5
axb5 13. Nd5 Nd7 (13... b4 14. Ra2 e6 15. Nxf6+ Bxf6 16. Bf4 Ne5 17. b3 Qc7 18.
Qd2 Rd8 19. Rd1 Rd7 20. Be3 Nc6 21. h4 Bb7 22. h5 gxh5 23. Nf4 h4 24. Nh5 Bc3
25. Qe2 hxg3 26. Rd3 Ne7 27. Bg5 gxf2+ 28. Qxf2 f5 29. Rxc3 Qxc3 30. Nf6+ Kf7
31. Qh4 Rg8 32. Nxd7 Bxe4 33. Qh5+ Rg6 34. Nf6 {1/2-1/2 Rodriguez,A-Braga,F/
Clarin GP-f 1997/CBM 58}) 14. Ra2 (14. f4 {yielded Balck good counterchances
after} Nb6 15. Kh2 Nc4 16. c3 e6 17. Ne3 Qb6 18. Nc2 b4 $132 {Shevelev,
A-Delchev,A/Anibal op4th 1997/CBM 58}) 14... e6 15. Ndf4 Nde5 (15... Qc7 {
is a good alternative:} 16. Bd2 Nc5 17. Nc1 Bb7 18. Ncd3 Ra8 19. Rxa8 Rxa8 20.
Re1 Na4 21. c3 Nc5 22. Qc2 Na5 23. Nxc5 dxc5 24. Nd3 c4 25. Nb4 Rd8 26. Bg5 Rd7
27. Rd1 Nb3 28. Be3 Bf8 29. Kf1 Bc5 30. Rxd7 Qxd7 31. Ke2 Bxb4 32. cxb4 Nd4+
33. Bxd4 Qxd4 34. Qd2 e5 35. f4 Kg7 36. Qxd4 exd4 37. g4 f5 {0-1 Horvath,
T-Georgiev,K/Lvov 1984/MCL 01}) 16. b3 Qc7 17. c3 $5 {An interesting idea.
White is planning to transfer his rook to d2, increasing pressure on the
d6-pawn. Moreover, the text move enables maneuver Nd4.} Bb7 18. Rd2 Rfd8 19.
Nd4 (19. Ba3 $5 {was a noteworthy alternative:} b4 20. cxb4 Na7 (20... Ra8 21.
Nc3) 21. Nd4) 19... Ba6 {'?!' Mencinger,V.} (19... Nxd4 {Mencinger,V} 20. cxd4
Nd7 21. Rc2 Qa5 22. d5 e5 23. Nd3 Rdc8 24. Bd2 Qb6 $11) 20. Ndxe6 $5 {'+/-!'
Mencinger,V.} ({Enterprising sacrifice. After} 20. Nfe2 {/\f4} b4 21. c4 {
White has better chances.}) 20... fxe6 21. Nxe6 Qe7 22. Nxd8 Rxd8 23. Kh2 {
'!' Mencinger,V.} ({Tempting} 23. f4 Nf7 24. e5 {'?' Mencinger,V. fails to}
dxe5 25. Bxc6 Rxd2 26. Qxd2 Qc5+) 23... Nf7 24. Ra2 Bb7 25. Bd2 Rd7 26. Re1
Ncd8 27. Qe2 Bc6 28. f4 Rc7 29. Qd3 Ne6 30. b4 Nf8 31. Ra6 Nd8 $6 (31... Bd7
$142 {/\Be6}) 32. c4 $1 {'(+)' Mencinger,V.} (32. Rd1 $5 {Mencinger,V} Nfe6 33.
Be3 Rd7 34. c4 bxc4 35. Qxc4 $16) 32... bxc4 (32... Bb7 {Mencinger,V} 33. cxb5
Bxa6 34. bxa6 $18) 33. Qxc4+ Qe6 {'?!' Mencinger,V.} (33... Nfe6 {Mencinger,V}
34. Qd3 Nd4 35. Rc1) 34. Qxe6+ ({Strong was also} 34. Rc1 $1 {/\b5} Qxc4 35.
Rxc4 Bb5 (35... Nfe6 {loses after} 36. f5 Nd4 37. Bg5 Nf7 38. Be3 Bb7 39. Ra8+
Bxa8 40. Rxc7) 36. Rxc7 Bxa6 37. Ra7 {, with good chances due to the strong
passed pawn.}) 34... Nfxe6 35. Rc1 Kf8 (35... Kf7 {is refuted by} 36. b5 Bxb5
37. Rxc7+ Nxc7 38. Ra7 Nde6 39. f5 $18) 36. f5 Nd4 37. Bg5 Ke8 (37... Nf7 38.
Rcxc6 Nxc6 39. Ra8+) 38. Bxd8 $2 ({Unexplainable decision. Thematic} 38. b5 $1
{was winning. Now Black gets the upperhand.}) 38... Kxd8 39. Rd1 {'?'
Mencinger,V.} (39. b5 $1 {Mencinger,V} Bd7 (39... Bxb5 40. Rxc7 Kxc7 41. Ra7+)
40. Ra8+ Bc8 41. Rxc7 Kxc7 42. Ra7+) 39... Ke7 40. Rc1 Kd7 41. Rd1 Rb7 42. fxg6
hxg6 43. Rb1 Be5 {'-/+' Mencinger,V.} 44. h4 Ke7 45. Ra2 Bb5 46. Bf1 Bc6 47.
Bd3 Nb5 48. Rc1 Bd7 49. Ra8 Nd4 50. Rb1 Rc7 {Black managed to efficiently
regroup his forces and has now s dangerous initiative.} 51. Ra3 Nf3+ 52. Kg2
Nd2 53. Re1 Nc4 54. Ra2 Nb2 {Knights' impressive maneuver increases Black's
advantage.} 55. Bf1 {'-+' Mencinger,V.} (55. Ba6 {Mencinger,V} Bg4) 55... Bg4
$1 {[%csl Ra2,Rg2][%cal Gc7c2,Gc2g2,Gg4d1,Gg4h3,Ge5b2,Ge5g3] Threatening ...
Rc2+} 56. Re3 Bd4 $1 {After this move White is defenceless.} 57. Re2 (57. Rea3
{loses to} Rc2+ 58. Kh1 Rf2) 57... Bxe2 58. Bxe2 Nc4 {White is lost. The rest
needs no comment} 59. Kh3 Ne5 60. Rd2 Bb6 61. h5 gxh5 62. Bxh5 Rc4 63. b5 Rxe4
64. Be2 Rb4 65. Kg2 Rb3 66. Ra2 Kf6 67. Rd2 Bc5 68. Ra2 Kf5 69. Rd2 Rb1 70. Bf1
Ke6 71. Rc2 Ng4 72. Bc4+ Kf6 0-1

[Event "AUT-chT 9798"]
[Site "Austria"]
[Date "1997.11.08"]
[Round "4"]
[White "Atlas, Valeri"]
[Black "Popovic, Petar"]
[Result "1-0"]
[WhiteElo "2455"]
[BlackElo "2545"]
[Annotator "Atlas,V"]
[PlyCount "59"]
[EventDate "1997.10.12"]
[EventType "team-tourn"]
[EventRounds "11"]
[EventCountry "AUT"]
[SourceTitle "CBM 062"]
[Source "ChessBase"]
[SourceDate "1998.01.31"]
[SourceVersion "1"]
[SourceVersionDate "1998.01.31"]
[SourceQuality "1"]
[WhiteTeam "Hohenems"]
[BlackTeam "Winterthur SCM"]
[WhiteTeamCountry "AUT"]
[BlackTeamCountry "AUT"]

1. e4 c5 2. Nf3 d6 3. d4 cxd4 4. Nxd4 Nf6 5. Nc3 Nc6 6. g3 g6 7. Nde2 Bg7 8.
Bg2 O-O 9. O-O Rb8 10. a4 a6 11. Nd5 Nd7 (11... b5 12. axb5 axb5 13. Bg5 Nd7
14. Qc1 Re8 15. Rd1 Nc5 16. Bh6 Bh8 17. b4 Bxa1 18. Qxa1 Ne6 19. Ndf4 Ne5 $132
{Ivanov,A-Ernst,T/Gausdal 1991 (32)}) 12. c3 Re8 $6 ({Das ist eine Neuerung.} 
12... b5 {geschah in der Partie Atlas,V-David,A/Erevan olm 1996:} 13. axb5 axb5
14. Nd4 Nxd4 15. cxd4 Bb7 16. Nb4 Ra8 17. Be3 Rxa1 18. Qxa1 Qb6 19. Qd1 Qa5 20.
Nd3 Rc8 $11 {Diese Fortsetzung gefällt mir etwas besser als der Textzug.}) 13.
Nd4 e6 14. Ne3 (14. Nxc6 $6 bxc6 15. Nb4 Qc7 {ist ungünstig für Weiß.}) 14...
Qc7 (14... Nxd4 15. cxd4 b5 (15... e5 16. dxe5 (16. d5 $6 a5 $1 {/\Nc5<=>})
16... Nxe5 (16... dxe5 17. b3 $14) 17. Bd2 $1 {/\Bc3} Nd3 18. Bc3 $14) 16. axb5
axb5 17. b3 {/\Bb2, Qd2, Rfc1+/-}) 15. b3 $1 Nf6 ({die Fortsetzung} 15... Nxd4
16. cxd4 Qc3 {braucht Weiss nicht zu fürchten:} 17. Ra2 Qxd4 18. Rd2 Qc5 19.
Nc4 $16) (15... Nde5 16. Bb2 $14 {bietet dem Weißen Aussichten auf einen
kleinen Vorteil.}) 16. Bb2 (16. Ba3 $6 d5 $1 17. exd5 exd5 18. Nxd5 Nxd5 19.
Bxd5 Bh3 $44) 16... d5 $6 {Schwarz opfert einen Bauern für Aktivität. Es ist
wahr, daß er Initiative erhält, aber mit richtigen Zügen kann Weiss den
Angriff abwehren.} (16... Bd7 {war vorsichtiger, aber die Stellung nach} 17. c4
$1 $16 {ist nicht erfreulich für Schwarz.}) 17. exd5 exd5 18. Nxd5 Nxd5 19.
Bxd5 Bh3 20. Re1 ({Nach} 20. Bg2 $6 Bxg2 21. Kxg2 Nxd4 22. cxd4 Rbd8 $44 {
sollte Schwarz keine Mühe haben, remis zu halten.}) 20... Rxe1+ 21. Qxe1 Nxd4
22. cxd4 Rd8 23. Rc1 $1 ({Mit} 23. Qe4 $6 Bf5 24. Qf3 Qc2 $44 {kann Weiß nicht
viel erreichen.}) 23... Qb6 24. a5 $1 (24. Qe7 $4 Rxd5 25. Qe8+ Bf8 26. Ba3 Rd8
$19) 24... Qb5 25. Bc4 Qd7 (25... Qf5 26. Qe7 $16) 26. Rd1 Bf6 (26... Re8 27.
Qd2 {dürfte dem Schwarzen keine Rettung bringen, obwohl es vielleicht zäher
war:} Qg4 (27... Qf5 28. Qf4 (28. Qd3 $2 Qxa5) 28... Qxf4 29. gxf4 Re4 30. Bd5
Rxf4 31. Bxb7 $16) 28. Qd3 $16) 27. Qe3 Re8 28. Qf3 $1 Kg7 (28... Bg4 {
scheitert natürlich an} 29. Qxf6 Bxd1 30. d5 {[%csl Rg8][%cal Gb2h8]} Re1+ 31.
Kg2 Kf8 32. Qh8+ Ke7 33. Ba3+ $18) (28... Qe7 29. Bc3) 29. Qd5 $1 (29. Be2 $6 {
/\g4} h5 $1 $132) 29... Qe7 30. Bc3 {[%csl Rf7][%cal Gc3b4,Gb4e7,Gc4f7] Jetzt
droht 31. Bb4! Qc7 32.Bd6+-. Auch nach 30...Be6 32.Qf3 ist die Stellung des
Schwarzen hoffnungslos.} 1-0

[Event "Villa Martelli"]
[Site "Villa Martelli"]
[Date "1997.06.10"]
[Round "10"]
[White "Rodriguez Vila, Andres"]
[Black "Sutovsky, Emil"]
[Result "1/2-1/2"]
[WhiteElo "2565"]
[BlackElo "2560"]
[Annotator "Atlas,V"]
[PlyCount "70"]
[EventDate "1997.06.01"]
[EventType "tourn"]
[EventRounds "11"]
[EventCountry "ARG"]
[EventCategory "13"]
[SourceTitle "CBM 060"]
[Source "ChessBase"]
[SourceDate "1997.09.29"]
[SourceVersion "1"]
[SourceVersionDate "1997.09.29"]
[SourceQuality "1"]

1. e4 c5 2. Nf3 Nc6 3. d4 cxd4 4. Nxd4 Nf6 5. Nc3 d6 6. g3 g6 7. Nde2 Bg7 8.
Bg2 O-O 9. O-O a6 10. a4 Rb8 11. Nd5 b5 12. axb5 axb5 13. h3 (13. c3 b4 (13...
Nd7 14. Nd4 Nde5 15. Nxc6 Nxc6 16. Qe2 e6 17. Nb4 Nxb4 18. cxb4 Bb7 19. Rd1 Qc7
20. Bf4 Rfd8 21. Rac1 Qe7 22. Rc2 Ba8 23. Rdc1 {1/2-1/2 Vulicevic,N-Kaliksteyn,
A/New York op 1993}) 14. Nd4 Nxd4 15. Nxf6+ exf6 16. cxd4 f5 17. exf5 Bxf5 {
1/2-1/2 Kopylov,J-Nesis,G/corr 1992}) (13. Bg5 Nd7 14. Qc1 Re8 15. Rd1 Nc5 16.
Bh6 Bh8 17. b4 Bxa1 18. Qxa1 Ne6 19. Ndf4 Ne5 20. Nxe6 Bxe6 21. f4 Qb6+ 22. Kh1
Ra8 23. Qc3 Rec8 24. Qd2 Ng4 25. Nd4 Ra2 26. f5 Rcxc2 27. Nxc2 Nf2+ 28. Qxf2
Qxf2 29. Ne3 Bc4 30. e5 gxf5 31. exd6 exd6 32. Rg1 Re2 33. Nd1 {0-1 Ivanov,
A-Ernst,T/Gausdal 1991}) 13... Nd7 14. c3 e6 ({Planning to meet} 14... b4 {by}
15. Nd4) 15. Ne3 Nc5 16. Nd4 Bd7 $1 {Threatening 16...b4.} 17. Nec2 (17. b4 $2
{fails to} Na4 $1 {[%csl Rc3][%cal Gc6d4,Gg7c3,Ga4c3]}) 17... Nxd4 18. Nxd4 $6
({Slightly imprecise move. After} 18. cxd4 Nb3 19. Ra7 {/\Be3} Nxc1 20. Qxc1 {
the position is about equal.}) 18... b4 19. Be3 Qc8 20. Qe2 e5 21. Nc2 bxc3 22.
bxc3 Rb7 $6 {Strange move. Logical continuation is Rb2, whereas} (22... Bxh3
23. Bxh3 Qxh3 24. Bxc5 dxc5 25. Ne3 {yields White certain compensation for the
pawn.}) (22... Na4 {can be replied by} 23. c4) (22... Nb3 $15 {also deserved
serious attention.}) 23. Rfb1 Rxb1+ 24. Rxb1 Na4 25. Qd2 Nxc3 (25... Qxc3 26.
Qxc3 Nxc3 27. Rb6 Ba4) 26. Rb6 Nb5 27. Nb4 Nd4 28. Nd5 Qc5 ({Allows easy
eqalization. Better chances promises} 28... Re8 {(/\Bh3), intending ot meet}
29. Bg5 {by} Bxh3 $1 30. Ne7+ Rxe7 31. Bxe7 Bxg2 32. Kxg2 Qc7 $19) 29. Qb4 Be6
({White regains the pawn.} 29... Bc6 $4 {fails to} 30. Bxd4 $18) 30. Rxd6 Qxb4
31. Nxb4 Rb8 {The position is even.} 32. Bxd4 exd4 33. Nc6 Rb1+ 34. Kh2 Rb2 35.
Rd8+ Bf8 1/2-1/2

[Event "Serbian-ch 29th"]
[Site "Sabac"]
[Date "1998.04.20"]
[Round "1"]
[White "Matulovic, Milan"]
[Black "Relange, Eloi"]
[Result "1/2-1/2"]
[WhiteElo "2420"]
[BlackElo "2490"]
[Annotator "Atlas,V"]
[PlyCount "83"]
[EventDate "1998.04.20"]
[EventType "tourn"]
[EventRounds "13"]
[EventCountry "YUG"]
[EventCategory "9"]
[SourceTitle "CBM 065"]
[Source "ChessBase"]
[SourceDate "1998.08.06"]
[SourceVersion "1"]
[SourceVersionDate "1998.08.06"]
[SourceQuality "1"]

1. e4 c5 2. Nf3 d6 3. d4 cxd4 4. Nxd4 Nf6 5. Nc3 g6 6. g3 Nc6 7. Nde2 Bg7 8.
Bg2 O-O 9. h3 Rb8 10. a4 a6 11. Be3 b5 12. axb5 axb5 13. Nd5 Nd7 ({An
important alternative} 13... b4 {, was tested in the same tournament in the
game Matulovic-Zontakh (see also game Jansa -Maki, Pula 1997).}) 14. Nd4 Nxd4 (
14... Bb7 15. O-O Nde5 16. b3 b4 17. Ra4 Nxd4 18. Bxd4 Bxd5 19. exd5 Qc7 20.
Re1 Bf6 21. Ra7 Rb7 22. Rxb7 Qxb7 23. Qd2 Rc8 24. Re4 Qa8 25. f4 $14 {1/2-1/2
Matulovic,M-Markovic,M/JUG-ch 1991 (33)}) 15. Bxd4 Bxd4 16. Qxd4 Bb7 17. Nb4
Qb6 18. Qxb6 Nxb6 19. O-O Ra8 20. b3 {[%csl Ya4,Gb4,Yc4][%cal Gb3c4,Gb3a4]} (
20. Rfe1 $6 {is strongly met by} Ra4) 20... f5 21. exf5 (21. Rae1 $5 {was an
interesting option:} f4 (21... fxe4 22. Bxe4 Bxe4 23. Rxe4 e5 24. f4) 22. gxf4
Rxf4 23. Nd3 Rff8 24. f4 $14) 21... Bxg2 22. Kxg2 Rxf5 23. Rxa8+ Nxa8 24. Ra1 (
24. f4 {deserved here serious attention:} Rc5 25. Rf3 Nc7 26. Rd3 {planning
king transfer to the center.}) 24... Nc7 25. Nc6 (25. Ra7 {is met by} Rc5 {
. The text move temporarily wins a pawn, but Black has enough resources to
equalize.}) 25... Rc5 26. Nxe7+ Kf7 27. Nc8 Ke6 28. c4 Kd7 ({Certainly, not} 
28... bxc4 $2 29. Re1+ Kd7 30. Nb6+) 29. Nb6+ Kc6 {Regaining a pawn and
obtaining temporary initiaitve.} 30. Nd5 Nxd5 31. cxd5+ Rxd5 32. Ra7 Rd3 33. b4
Rb3 34. Rxh7 Rxb4 35. Rg7 Re4 36. Rxg6 (36. Kf3 {is wrong in view of} Re6)
36... b4 37. Rg8 (37. Kf3 {is met by} b3 $1 {, and White has to fight for a
draw by} 38. Rg8) 37... Re7 38. Rc8+ Rc7 39. Ra8 b3 40. Ra1 Kb5 41. Rd1 Kb4 42.
Rxd6 {And draw was agreed. It seems, however, that fight is not yet over, and
the result could be different if the game continued.} 1/2-1/2